00950cam a22002657a 4500003000500000005001700005008004100022010001000063011001000073020001500083035001100098040000900109082001300118100003500131245013000166260006800296300001100364490004900375650005500424650004300479650004100522650003700563700003500600830004900635CHAP20220329143001.0050530d2001 mx r 00110 spa d a90358 a91330 a9707011521 a101888 cCHAP04a378bB3700aBarba Alvarez, Antonioecoord.10aUniversidad, organización y sociedad :barreglos y controversiaSc/coord. por Antonio Barba Alvarez y Luis Montaño Hirose aMéxico, D. F. :bUniversidad Autónoma Metropolitana,c2001. a196 p. 0aColección problemas educativos de México14aEducación superiorxInnovaciones tecnológicas.14aEducación superiorxInvestigación.14aEducación superiorxMetodología.14aUniversidadesxAdministración.0 aMontaño Hirose, Luisecoord.00aColección problemas educativos de México